000 00435nam a22001577a 4500
999 _c11838
_d11838
008 210112b ||||| |||| 00| 0 eng d
020 _a019507579x
082 0 0 _a658.4
_bO852
100 _94131
_aOster, Sharon M.
245 1 0 _aModern competitive analysis /
_cby Sharon M. Oster
250 _a2nd ed.
260 _aNew-York:
_bOxford University Press.,
_c1994.
300 _aix, 411 p.
650 0 _aStrategic Planning
942 _cBK